000 01306nam a2200265 i 4500
003 OSt
005 20211102112142.0
008 211102s2019 nyu e 000 f eng d
020 _a9780525541851
_cRM79.95
_qpaperback
040 _aPPAK
_beng
_cPPAK
_erda
082 0 4 _223
_a813.6
090 0 0 _a813.6
_bGRE
_dG
100 1 _aGreenwood, Bryn,
_eauthor.
245 1 4 _athe reckless oath we made /
_cBRYN GREENWOOD
264 1 _aNew York :
_bPutnam's Sons,
_c2020.
300 _a452 pages ;
_c21 cm
336 _2rdacontent
_atext
337 _2rdamedia
_aunmediated
338 _2rdacarrier
_avolume
520 _aTheir journey will break them - or save them. A moving and complicated love story for our time, The Reckless Oath We Made redefines what it means to be heroic. Zee has never admitted to needing anybody. But she needs Gentry. Her tough exterior shelters a heart that's loyal to the point of self-destruction, while autistic Gentry wears his heart on his sleeve, including his desire to protect Zee at all costs. When an abduction tears Zee's family apart, she turns to Gentry - and sets in motion a journey and a love that will change their lives forever
650 1 0 _aMan-woman relationships
_vFiction.
650 2 0 _aKidnapping
_vFiction.
655 7 _aDomestic fiction
942 _2ddc
_cB
999 _c185838
_d185838